000 00758nam a22002057a 4500
999 _c20364
_d20364
003 AR-CdUCM
008 190529b ||||| |||| 00| 0 spa d
040 _aMUNICIPALIDAD PROVINCIAL DEL CUSCO
_cBIBLIOTECA MUNICIPAL DEL CUSCO
082 _a339.985 /
_bZ82
100 _aZimmermann Zavala, Augusto
_917653
245 _aEsto es lo que tengo que decir de las cosas que dejan huella /
260 _aLima :
_bDiario oficial "El Peruano",
_c1960.
300 _a242 páginas ;
_c21 cm.
505 _aContenido : Extracto de la historia secreta del petroleo -- Los orígenes de la revolución -- La revolución...
650 _a El petroleo
_942584
650 _a La revolución
_942585
650 _aLa reforma
_942586
942 _2ddc
_cLIBROS
945 _aandy